=LDR 00000nam 2200000 4500 =001 INLIS000000000025071 =005 20210525032421 =035 ##$$a 0010-061300000025071 =008 210525################g##########0#ind## =041 ##$$a Ind =082 ##$$a 340.112 =090 ##$$a 340, Mah m =100 ##$$a Mahendra, Oka =245 1#$$a Menguak masalah hukum demokrasi dan pertanahan /$c Oka Mahendra =260 ##$$a Jakarta :$b Pustaka sinar harapan,$c 1996 =300 ##$$a 311 hlm ; $c 23 x 15 cm =650 #4$$a Hukum dan etika =850 ##$$a NBPNMAT =020 ##$$a 979-416-411-9 =084 ##$$a 340.112 MAH m =250 ##$$a cet.1 =990 ##$$a 116264/Pro.97 =990 ##$$a 107.601/Pb.97 =990 ##$$a 00053655